Nové pohľady na regionálnu politiku

Autorka recenzie stručne charakterizuje profesionálnu kariéru dvoch ekonómov, pedagógov - prof. RNDR Kolomana Ivaničku, DrSc. a doc. RNDR Alžbetu Ivaničkovú, CSc. (v súčasnosti pôsobí na EU v Bratislave) Ďalej rozoberá jednotlivé kapitoly recenzovaného diela, ktoré má predovšetkým odbornú a metod...

Descrizione completa

Salvato in:
Dettagli Bibliografici
Autore principale: Lasicová, Jana
Natura: Capitolo di libro
Lingua:slovacco
Soggetti:
Tags: Aggiungi Tag
Nessun Tag, puoi essere il primo ad aggiungerne!!

MARC

LEADER 00000naa$a2200000$$$4500
001 0080922
005 20231107112019.0
041 0 |a slo 
044 |a SK 
245 1 0 |a Nové pohľady na regionálnu politiku  |c Jana Lasicová 
520 |a Autorka recenzie stručne charakterizuje profesionálnu kariéru dvoch ekonómov, pedagógov - prof. RNDR Kolomana Ivaničku, DrSc. a doc. RNDR Alžbetu Ivaničkovú, CSc. (v súčasnosti pôsobí na EU v Bratislave) Ďalej rozoberá jednotlivé kapitoly recenzovaného diela, ktoré má predovšetkým odbornú a metodologickú dimenziu. Recenzovaná kniha obsahuje aj vecné registre, čo uľahčuje orientáciu v tomto faktami, analýzami a poznatkami nabitom diele. 
610 2 0 |a rozvoj regionálny 
610 2 0 |a politika regionálna 
610 2 0 |a recenzie 
100 1 |a Lasicová, Jana